BCIS indices and forecasts (Record no. 107550)

MARC details
000 -LEADER
fixed length control field 00807cam a22002175a 4500
001 - CONTROL NUMBER
control field L140840
008 - FIXED-LENGTH DATA ELEMENTS--GENERAL INFORMATION
fixed length control field 071015s2007 xxk f 000 0 eng d
022 1# - INTERNATIONAL STANDARD SERIAL NUMBER
International Standard Serial Number 1357-2318
035 ## - SYSTEM CONTROL NUMBER
System control number (Sirsi) u140840
041 0# - LANGUAGE CODE
Language code of text/sound track or separate title eng
050 04 - LIBRARY OF CONGRESS CALL NUMBER
Classification number 692.5 $2 18
110 2# - MAIN ENTRY--CORPORATE NAME
Corporate name or jurisdiction name as entry element Building Cost Information Service
9 (RLIN) 1096
245 00 - TITLE STATEMENT
Title BCIS indices and forecasts
Remainder of title July 2007
260 ## - PUBLICATION, DISTRIBUTION, ETC.
Place of publication, distribution, etc. London
Name of publisher, distributor, etc. BCIS
Date of publication, distribution, etc. 2007
300 ## - PHYSICAL DESCRIPTION
Extent 44p.
Dimensions 30cm.
490 #0 - SERIES STATEMENT
Series statement BCIS Indices and Forecasts
Volume/sequential designation July 2007
520 ## - SUMMARY, ETC.
Summary, etc. Briefing -- Analysis of the current state of the construction industry -- Forecast -- Tender price indices -- Regional price indices -- Input cost indices -- Output price indices -- Long term trends -- Forecast of fluctuations
651 #4 - SUBJECT ADDED ENTRY--GEOGRAPHIC NAME
Geographic name United Kingdom
Chronological subdivision
690 ## - LOCAL SUBJECT ADDED ENTRY--TOPICAL TERM (OCLC, RLIN)
Topical term or geographic name as entry element BUILT ENVIRONMENT-BUILDING COSTS
942 ## - ADDED ENTRY ELEMENTS (KOHA)
Suppress in OPAC 0
Holdings
Withdrawn status Lost status Source of classification or shelving scheme Damaged status Not for loan Home library Current library Shelving location Date acquired Total Checkouts Full call number Barcode Date last seen Copy number Price effective from Koha item type
    Dewey Decimal Classification     London London RICS Boxes 15/10/2007   RICS 2007/48 30072297 06/08/2019 1 06/08/2019 Archive
    Dewey Decimal Classification     London London Books 20/10/2010   ENQUIRY DESK 30079677 06/08/2019 3 06/08/2019 Book